000 01172nam a22002657a 4500
005 20170124102946.0
010 _aA-924398
020 _c270.00
035 _aA-924398
037 _bCen Lib/Ret
040 _aDPL
_bHN
082 _a823.08
_bलालसा
100 _aलाल, साहब सिंह
_92170
245 _aहिन्दी उपन्यासों में सामाजिक चेतना /
_cलाल साहब सिंह
246 _aHindi upanyaso mein samajik chetana /
_bby Lal Sahab Singh
260 _aनयी दिल्ली
_bनमन प्रकाशन
_c1998
270 _a4378/4B, अंसारी रोड
_bनयी दिल्ली
_e110002
300 _avi, 301पृ.
_c21सेमी (सजिल्द)
500 _aसन्दर्भ सूची शामिल
650 _aहिन्दी साहित्य
_9139367
650 _aउपन्यास
_x सामाजिक चेतना
_9139368
650 _aHindi literature
_9139369
650 _aNovel
_xSocial consciousness
_9139370
942 _2ddc
_cHN
_h823.08
_mलालसा
999 _c112959
_d112959